000 00567nam a2200205Ia 4500
003 OSt
005 20250123125523.0
008 231217s9999 xx 000 0 und d
020 _a121544508
040 _c0
041 _aEnglish
082 _a611.0181 BAI;1 R
100 _aBaird, Andrew. Klagsbrun, Michael.
245 4 _aThe Fibroblast growth factor family
260 _c1981
_bAcademic Press
_aNew York
300 _axxiv, 539
400 _aAnnals of the New York academy of sciences Vol. 638
650 _aFibroblast,growth,factor
942 _cAA
_2ddc
999 _c198274
_d198274